Monetary policy in a globalized economy : (Record no. 53710)

MARC details
000 -LEADER
fixed length control field 01405nam a22003017a 4500
005 - DATE AND TIME OF LATEST TRANSACTION
control field 20110711135325.0
010 ## - LCCN (DPL NO)
LC control number ENG-102970 B-461962
020 ## - INTERNATIONAL STANDARD BOOK NUMBER
International Standard Book Number 9780198074939
Terms of availability 395.00
020 ## - INTERNATIONAL STANDARD BOOK NUMBER
International Standard Book Number 019807493x
Terms of availability 395.00
035 ## - SYSTEM CONTROL NUMBER
System control number EN-86503 B-461962
037 ## - SOURCE OF ACQUISITION
Source of stock number/acquisition DBAD / PUB
037 ## - SOURCE OF ACQUISITION
Source of stock number/acquisition Allied Pub/Ven
082 ## - DEWEY DECIMAL CLASSIFICATION NUMBER
Classification number 338.954
100 ## - MAIN ENTRY--PERSONAL NAME
Personal name Mohan, Rakesh
245 ## - TITLE STATEMENT
Title Monetary policy in a globalized economy :
Remainder of title a practitioner's view /
Statement of responsibility, etc by Rakesh Mohan
260 ## - PUBLICATION, DISTRIBUTION, ETC. (IMPRINT)
Place of publication, distribution, etc New Delhi
Name of publisher, distributor, etc Oxford University Press
Date of publication, distribution, etc 2011
270 ## - ADDRESS
Address YMCA Library Building, Jai Singh Road,
City New Delhi
Postal code 110001
300 ## - PHYSICAL DESCRIPTION
Extent xx, 328p.
Dimensions 24cm (pbk)
500 ## - GENERAL NOTE
General note Includes bibliographical references and index
520 ## - SUMMARY, ETC.
Summary, etc With reference to India.
650 ## - SUBJECT ADDED ENTRY--TOPICAL TERM
Topical term or geographic name as entry element Monetary policy
Geographic subdivision India.
650 ## - SUBJECT ADDED ENTRY--TOPICAL TERM
Topical term or geographic name as entry element Banks and banking
Geographic subdivision India.
650 ## - SUBJECT ADDED ENTRY--TOPICAL TERM
Topical term or geographic name as entry element Globalization
General subdivision Economic aspects
Geographic subdivision India.
942 ## - ADDED ENTRY ELEMENTS (KOHA)
Source of classification or shelving scheme Dewey Decimal Classification
Item type English Books
Call number suffix MOH
Classification part 338.954
Holdings
Withdrawn status Lost status Not for loan Collection code Home library Current library Date acquired Source of acquisition Cost, normal purchase price Full call number Barcode Copy number Cost, replacement price Koha item type
      Non-fiction Central Library Central Library 18/05/2012 Allied Pub/1828/31.01.2012/27/18.01.2012/10.02.2012 395.00 338.954 MOH B-461962 1 395.00 English Books
    Not For Loan Non-fiction D.B.Act.Division D.B.Act.Division 11/07/2011 DBAD/PUB 395.00 338.954 MOH EN-86503 1 395.00 English Books

© Delhi Public Library
Hit Counter
free hit counter